[Event "Muensterland Verbandsliga 1920"]
[Site "Germany"]
[Date "2020.02.01"]
[Round "6.6"]
[White "Bartsch, Jan"]
[Black "Schulte Austum, Frank"]
[Result "0-1"]
[WhiteElo "1788"]
[BlackElo "1734"]
[PlyCount "70"]
[EventDate "2019.09.07"]
[EventType "team-tourn"]
[EventRounds "7"]
[EventCountry "GER"]
[SourceTitle "EXT 2023"]
[Source "ChessBase"]
[SourceDate "2022.10.05"]
[SourceVersion "1"]
[SourceVersionDate "2022.10.05"]
[SourceQuality "1"]
[WhiteTeam "Saerbeck"]
[BlackTeam "Nienberge II"]
[WhiteTeamCountry "GER"]
[BlackTeamCountry "GER"]

1. b3 d5 2. Bb2 c5 3. e3 Nc6 4. Bb5 Qb6 5. Qe2 Nf6 6. h3 Bd7 7. Nf3 a6 8. Bxc6 Bxc6 9. d3 e6 10. Ne5 Be7 11. Nd2 0-0 12. 0-0 Qd8 13. Nxc6 bxc6 14. c4 a5 15. a4 Nd7 16. Rac1 e5 17. f4 Bd6 18. cxd5 exf4 19. dxc6 fxe3 20. Ne4 Ne5 21. Bxe5 Bxe5 22. Nxc5 Qh4 23. Rf3 Rfe8 24. Rc4 Bd4 25. Ne4 Qd8 26. Kh1 Rc8 27. Rf5 Qb6 28. Qg4 Rxc6 29. Rxc6 Qxc6 30. Qf3 Qc1+ 31. Kh2 Be5+ 32. Rxe5 Rxe5 33. Ng5 Qc8 34. Qxf7+ Kh8 35. Qh5 Qf5 0-1

[Event "Muensterland Verbandsliga 1920"]
[Site "Germany"]
[Date "2019.11.09"]
[Round "3.6"]
[White "Esser, Peter"]
[Black "Schulte Austum, Frank"]
[Result "1/2-1/2"]
[WhiteElo "1733"]
[BlackElo "1734"]
[PlyCount "63"]
[EventDate "2019.09.07"]
[EventType "team-tourn"]
[EventRounds "7"]
[EventCountry "GER"]
[SourceTitle "EXT 2023"]
[Source "ChessBase"]
[SourceDate "2022.10.05"]
[SourceVersion "1"]
[SourceVersionDate "2022.10.05"]
[SourceQuality "1"]
[WhiteTeam "Telgte"]
[BlackTeam "Nienberge II"]
[WhiteTeamCountry "GER"]
[BlackTeamCountry "GER"]

1. d4 d5 2. g3 e6 3. Bg2 f5 4. Nf3 Nf6 5. 0-0 Be7 6. c4 c6 7. Qc2 0-0 8. b3 Ne4 9. Nbd2 Nd7 10. Bb2 a5 11. a3 Nxd2 12. Qxd2 Nf6 13. Ne5 Bd7 14. c5 b6 15. b4 axb4 16. axb4 bxc5 17. bxc5 Qc7 18. Qc2 Rfb8 19. Bc3 Ne4 20. Bxe4 fxe4 21. h4 Bf6 22. Ng4 Be8 23. Nxf6+ gxf6 24. Bd2 e5 25. Be3 Bh5 26. Rxa8 Rxa8 27. Rb1 Rb8 28. Rxb8+ Qxb8 29. Qd2 Qb5 30. Kf1 Qb1+ 31. Kg2 Qb5 32. Kf1 1/2-1/2

[Event "Muensterland Verbandsliga 1718"]
[Site "Germany"]
[Date "2018.02.10"]
[Round "6.6"]
[White "Schulte Austum, Frank"]
[Black "Niewerth, Gerd"]
[Result "1/2-1/2"]
[WhiteElo "1744"]
[BlackElo "1784"]
[PlyCount "75"]
[EventDate "2017.09.09"]
[EventType "team-tourn"]
[EventRounds "9"]
[EventCountry "GER"]
[SourceTitle "EXT 2019"]
[Source "ChessBase"]
[SourceDate "2018.10.10"]
[SourceVersion "1"]
[SourceVersionDate "2018.10.10"]
[SourceQuality "1"]
[WhiteTeam "Nienberge II"]
[BlackTeam "Heiden"]
[WhiteTeamCountry "GER"]
[BlackTeamCountry "GER"]

1. d4 Nf6 2. Nf3 g6 3. Bg5 Bg7 4. Nbd2 0-0 5. e4 d6 6. Bc4 Nc6 7. c3 e5 8. 0-0 h6 9. Bh4 g5 10. Bg3 Qe8 11. dxe5 Nxe5 12. Nxe5 dxe5 13. Qe2 Bg4 14. f3 Bd7 15. Bf2 b6 16. Rfd1 Nh5 17. Nf1 Nf4 18. Qd2 Rd8 19. Ne3 Bf6 20. Qc2 a5 21. a4 Kh7 22. Nd5 Nxd5 23. exd5+ Kg7 24. d6 c5 25. b4 axb4 26. cxb4 e4 27. Ra3 cxb4 28. Re3 Bxa4 29. Bb3 Bxb3 30. Qxb3 Qc6 31. Qxb4 exf3 32. Rxf3 b5 33. Rf5 Qc2 34. Rfd5 Rfe8 35. R1d2 Qc1+ 36. Rd1 Qc2 37. R1d2 Qc1+ 38. Rd1 1/2-1/2

[Event "Muensterland Verbandsliga 1718"]
[Site "Germany"]
[Date "2018.01.20"]
[Round "5.6"]
[White "Wigger, Frank"]
[Black "Schulte Austum, Frank"]
[Result "1/2-1/2"]
[WhiteElo "1794"]
[BlackElo "1744"]
[PlyCount "87"]
[EventDate "2017.09.09"]
[EventType "team-tourn"]
[EventRounds "9"]
[EventCountry "GER"]
[SourceTitle "EXT 2019"]
[Source "ChessBase"]
[SourceDate "2018.10.10"]
[SourceVersion "1"]
[SourceVersionDate "2018.10.10"]
[SourceQuality "1"]
[WhiteTeam "Metelen"]
[BlackTeam "Nienberge II"]
[WhiteTeamCountry "GER"]
[BlackTeamCountry "GER"]

1. e4 c6 2. d4 Na6 3. c4 Nc7 4. Nc3 d5 5. Bf4 Ne6 6. Be3 dxe4 7. Nxe4 g6 8. Qd2 f5 9. Nc3 Nf6 10. Be2 Bg7 11. Rd1 0-0 12. h4 Qc7 13. Nh3 Ng4 14. Bxg4 fxg4 15. Ng5 Nf4 16. 0-0 h6 17. Nge4 Kh7 18. Rfe1 Nh5 19. Ne2 Bf5 20. N2g3 Nxg3 21. Nxg3 e6 22. h5 g5 23. Re2 Rad8 24. Rde1 Rd7 25. Qb4 Rff7 26. Rd2 Qd8 27. Red1 Bf8 28. Qa4 a6 29. b4 Bd6 30. Qb3 Qc7 31. Nf1 Bf4 32. g3 Bd6 33. a3 Be4 34. c5 Bf8 35. Qxe6 Rde7 36. Qb3 Qd7 37. Nh2 Qf5 38. Qb2 Bd5 39. Qc2 Be4 40. Qc4 Bd5 41. Qe2 Qe4 42. Qd3 Kg8 43. Qxe4 Rxe4 44. Rd3 1/2-1/2

[Event "Muensterland Verbandsliga 1718"]
[Site "Germany"]
[Date "2017.10.07"]
[Round "2.6"]
[White "Schulte Austum, Frank"]
[Black "Dieckmann, Werner"]
[Result "1/2-1/2"]
[WhiteElo "1744"]
[BlackElo "1807"]
[PlyCount "24"]
[EventDate "2017.09.09"]
[EventType "team-tourn"]
[EventRounds "9"]
[EventCountry "GER"]
[SourceTitle "EXT 2019"]
[Source "ChessBase"]
[SourceDate "2018.10.10"]
[SourceVersion "1"]
[SourceVersionDate "2018.10.10"]
[SourceQuality "1"]
[WhiteTeam "Nienberge II"]
[BlackTeam "Telgte"]
[WhiteTeamCountry "GER"]
[BlackTeamCountry "GER"]

1. d4 Nf6 2. Nf3 d5 3. Bg5 Bf5 4. e3 h6 5. Bh4 Nbd7 6. c4 c6 7. Nc3 e6 8. a3 Be7 9. Bd3 dxc4 10. Bxc4 Nd5 11. Bxe7 Qxe7 12. Nxd5 exd5 1/2-1/2

[Event "Muensterland Verbandsklasse 1617"]
[Site "Germany"]
[Date "2017.03.25"]
[Round "8.7"]
[White "Overesch, Dieter"]
[Black "Schulte Austum, Frank"]
[Result "1-0"]
[WhiteElo "1689"]
[BlackElo "1735"]
[PlyCount "103"]
[EventDate "2016.09.24"]
[EventType "team"]
[EventRounds "9"]
[EventCountry "GER"]
[SourceTitle "EXT 2018"]
[Source "ChessBase"]
[SourceDate "2017.10.13"]
[SourceVersion "1"]
[SourceVersionDate "2017.10.13"]
[SourceQuality "1"]
[WhiteTeam "Muenster Indische Dame"]
[BlackTeam "Nienberge II"]
[WhiteTeamCountry "GER"]
[BlackTeamCountry "GER"]

1. d4 d5 2. Nf3 Nf6 3. Bf4 e6 4. e3 c5 5. Nbd2 Nc6 6. c3 Bd6 7. Bg3 cxd4 8. exd4 Qc7 9. Bb5 Bd7 10. Bxc6 Bxc6 11. Bxd6 Qxd6 12. Ne5 0-0 13. 0-0 Rac8 14. Re1 Nd7 15. Qg4 f6 16. Nd3 e5 17. Qg3 Rce8 18. Nf3 Bb5 19. dxe5 Qb6 20. e6 Rxe6 21. Rxe6 Qxe6 22. Nd4 Qb6 23. Nf4 Bc6 24. Nf5 Rf7 25. Nh6+ Kf8 26. Nxf7 Kxf7 27. b3 d4 28. Qh3 dxc3 29. Qe6+ Kf8 30. Qd6+ Kf7 31. Nd5 Qd4 32. Qe7+ Kg6 33. Ne3 Qd2 34. Qb4 Qb2 35. Rf1 c2 36. Qd2 Qxa2 37. Qxc2+ Qxc2 38. Nxc2 a6 39. Nd4 Bd5 40. Rc1 Ne5 41. Rc5 Be4 42. f3 Bc6 43. f4 Nd3 44. f5+ Kh6 45. Rc3 Ne5 46. Rh3+ Kg5 47. Rxh7 g6 48. h4+ Kf4 49. fxg6 Nxg6 50. Nxc6 bxc6 51. h5 Ne5 52. Rg7 1-0

[Event "Muensterland Verbandsklasse 1617"]
[Site "Germany"]
[Date "2017.02.11"]
[Round "6.7"]
[White "Schulte Austum, Frank"]
[Black "Grothues, Fabian"]
[Result "1-0"]
[WhiteElo "1735"]
[BlackElo "1591"]
[PlyCount "103"]
[EventDate "2016.09.24"]
[EventType "team"]
[EventRounds "9"]
[EventCountry "GER"]
[SourceTitle "EXT 2018"]
[Source "ChessBase"]
[SourceDate "2017.10.13"]
[SourceVersion "1"]
[SourceVersionDate "2017.10.13"]
[SourceQuality "1"]
[WhiteTeam "Nienberge II"]
[BlackTeam "Beelen II"]
[WhiteTeamCountry "GER"]
[BlackTeamCountry "GER"]

1. d4 g6 2. Nf3 Bg7 3. g3 Nf6 4. Bg2 d6 5. c4 0-0 6. Nc3 Nbd7 7. e4 e5 8. d5 Nc5 9. Qc2 Bg4 10. b4 Ncd7 11. Bb2 c5 12. a3 b6 13. Nd2 Nb8 14. bxc5 bxc5 15. Rb1 Qc8 16. Nb5 Ne8 17. 0-0 Bd7 18. f4 Bxb5 19. cxb5 Nd7 20. Nc4 f6 21. Bh3 Qc7 22. fxe5 fxe5 23. a4 Nb6 24. Be6+ Kh8 25. Rxf8+ Bxf8 26. Rf1 Bg7 27. Rf7 Qd8 28. Na5 Nf6 29. Nc6 Qe8 30. Re7 Qf8 31. a5 Nc8 32. Rf7 Qe8 33. Qf2 Nxe4 34. Qe3 Nf6 35. Nxe5 Ne7 36. Nd7 Nh5 37. Bxg7+ Nxg7 38. Qh6 Nef5 39. Qg5 Nxe6 40. Qf6+ Neg7 41. Rf8+ Qxf8 42. Nxf8 Re8 43. Ne6 Rg8 44. b6 axb6 45. axb6 Ne3 46. Nd8 Re8 47. b7 Ng4 48. Qxd6 Nf5 49. Qxc5 Re1+ 50. Kg2 Re2+ 51. Kf3 Rf2+ 52. Qxf2 1-0

[Event "Muensterland Verbandsklasse 1617"]
[Site "Germany"]
[Date "2016.12.10"]
[Round "4.7"]
[White "Schulte Austum, Frank"]
[Black "Elmenhorst, Bernd"]
[Result "1/2-1/2"]
[WhiteElo "1735"]
[BlackElo "1535"]
[PlyCount "134"]
[EventDate "2016.09.24"]
[EventType "team"]
[EventRounds "9"]
[EventCountry "GER"]
[SourceTitle "EXT 2018"]
[Source "ChessBase"]
[SourceDate "2017.10.13"]
[SourceVersion "1"]
[SourceVersionDate "2017.10.13"]
[SourceQuality "1"]
[WhiteTeam "Nienberge II"]
[BlackTeam "Sendenhorst"]
[WhiteTeamCountry "GER"]
[BlackTeamCountry "GER"]

1. d4 g6 2. Nf3 d6 3. c3 Bg7 4. e4 Bg4 5. h3 Bxf3 6. Qxf3 Nd7 7. Bc4 Ngf6 8. Be3 c6 9. Nd2 0-0 10. 0-0 b5 11. Bb3 Qc7 12. a4 a6 13. Qe2 Rab8 14. axb5 axb5 15. f4 e5 16. dxe5 dxe5 17. f5 Kh8 18. g4 Qc8 19. Kh2 Rb7 20. g5 Nh5 21. f6 Bxf6 22. gxf6 Ndxf6 23. Bg5 Ng8 24. Qf2 h6 25. Be3 Kg7 26. Qh4 c5 27. Bd5 Rd7 28. Rf3 Ne7 29. Ra8 Qc7 30. Rxf8 Nxd5 31. R8xf7+ Rxf7 32. Rxf7+ Qxf7 33. exd5 g5 34. Qg4 Nf6 35. Qe6 Nxd5 36. Qxf7+ Kxf7 37. Bxc5 Ke6 38. Ne4 Nc7 39. Kg2 Kd5 40. Kf3 h5 41. Be7 g4+ 42. hxg4 hxg4+ 43. Ke3 Ke6 44. Bh4 Nd5+ 45. Kf2 Nc7 46. Nf6 Kd6 47. Nxg4 Kd5 48. Bg3 Na6 49. Nxe5 Nc5 50. Ke3 Na4 51. Nd3 Kc4 52. Bd6 Nxb2 53. Nxb2+ Kxc3 54. Be5+ Kc2 55. Nd3 Kb3 56. Kd4 Kc2 57. Nb4+ Kd2 58. Nd5 Ke2 59. Ke4 Kf2 60. Bd6 Kg2 61. Ne3+ Kf2 62. Ng4+ Ke2 63. Ne5 b4 64. Bxb4 Kf2 65. Kf4 Ke2 66. Bc5 Kd2 67. Ke4 Kc3 1/2-1/2

[Event "Muensterland Verbandsklasse 1617"]
[Site "Germany"]
[Date "2016.09.24"]
[Round "1.8"]
[White "Schulte Austum, Frank"]
[Black "Knocks, Elmar"]
[Result "1-0"]
[WhiteElo "1735"]
[BlackElo "1671"]
[PlyCount "65"]
[EventDate "2016.09.24"]
[EventType "team"]
[EventRounds "9"]
[EventCountry "GER"]
[SourceTitle "EXT 2018"]
[Source "ChessBase"]
[SourceDate "2017.10.13"]
[SourceVersion "1"]
[SourceVersionDate "2017.10.13"]
[SourceQuality "1"]
[WhiteTeam "Nienberge II"]
[BlackTeam "Metelen"]
[WhiteTeamCountry "GER"]
[BlackTeamCountry "GER"]

1. d4 Nf6 2. Nf3 d5 3. Bg5 e6 4. e3 Be7 5. Nbd2 0-0 6. Bd3 b6 7. 0-0 Bb7 8. Ne5 h6 9. Bh4 Ne4 10. Bxe7 Qxe7 11. f3 Nf6 12. c3 Nbd7 13. Nxd7 Nxd7 14. f4 Nf6 15. Qf3 c5 16. g4 g6 17. Kg2 Kg7 18. Rh1 Rh8 19. h4 h5 20. g5 Ng4 21. Qg3 f6 22. gxf6+ Qxf6 23. Be2 Qf5 24. Bxg4 hxg4 25. Qf2 Rh5 26. Kg3 Rah8 27. Qe2 Rxh4 28. Rxh4 Rxh4 29. Kxh4 Qh5+ 30. Kg3 Qh3+ 31. Kf2 g3+ 32. Kg1 Ba6 33. Qg2 1-0

[Event "Muensterland Verbandsklasse-A 1213"]
[Site "Germany"]
[Date "2013.05.11"]
[Round "9.6"]
[White "Schulte Austum, Frank"]
[Black "Van Almsick, Georg"]
[Result "0-1"]
[WhiteElo "1694"]
[BlackElo "1867"]
[PlyCount "48"]
[EventDate "2012.09.15"]
[EventType "team-tourn"]
[EventRounds "9"]
[EventCountry "GER"]
[SourceTitle "EXT 2015"]
[Source "ChessBase"]
[SourceDate "2014.11.20"]
[SourceVersion "1"]
[SourceVersionDate "2014.11.20"]
[SourceQuality "1"]
[WhiteTeam "Nienberge II"]
[BlackTeam "Ahaus Wessum"]
[WhiteTeamCountry "GER"]
[BlackTeamCountry "GER"]

1. d4 f5 2. g4 fxg4 3. h3 g3 4. fxg3 Nf6 5. Bg2 d5 6. c4 e6 7. Nc3 Bd6 8. g4 Bg3+ 9. Kf1 0-0 10. Nf3 Ne4 11. cxd5 exd5 12. Qb3 Nxc3 13. bxc3 Nc6 14. e4 Na5 15. Qxd5+ Qxd5 16. exd5 Bd7 17. Ke2 Rae8+ 18. Kd1 Ba4+ 19. Kd2 Nc4+ 20. Kd3 Bb5 21. Rb1 Ne5+ 22. Kd2 Nc4+ 23. Kd3 Ba6 24. Kc2 Re2+ 0-1

[Event "Muensterland Verbandsklasse-A 1213"]
[Site "Germany"]
[Date "2013.04.20"]
[Round "8.5"]
[White "Schulte Austum, Frank"]
[Black "Wunderlich, Verena"]
[Result "0-1"]
[WhiteElo "1694"]
[BlackElo "1782"]
[PlyCount "40"]
[EventDate "2012.09.15"]
[EventType "team-tourn"]
[EventRounds "9"]
[EventCountry "GER"]
[SourceTitle "EXT 2015"]
[Source "ChessBase"]
[SourceDate "2014.11.20"]
[SourceVersion "1"]
[SourceVersionDate "2014.11.20"]
[SourceQuality "1"]
[WhiteTeam "Nienberge II"]
[BlackTeam "Heiden"]
[WhiteTeamCountry "GER"]
[BlackTeamCountry "GER"]

1. d4 Nf6 2. Nf3 d6 3. Bg5 g6 4. Nbd2 Bg7 5. e4 Nbd7 6. Bc4 0-0 7. 0-0 e5 8. c3 Qe7 9. Re1 h6 10. Bxf6 Nxf6 11. Qc2 Nh5 12. dxe5 dxe5 13. Nf1 Bg4 14. N3d2 Nf4 15. Ne3 Qg5 16. Nxg4 Qxg4 17. g3 Rad8 18. f3 Qg5 19. Kf2 Nh3+ 20. Kg2 Rxd2+ 0-1

[Event "Muensterland Verbandsklasse-A 1213"]
[Site "Germany"]
[Date "2013.01.26"]
[Round "5.7"]
[White "Gerighausen, Karl Heinz"]
[Black "Schulte Austum, Frank"]
[Result "1/2-1/2"]
[WhiteElo "1665"]
[BlackElo "1694"]
[PlyCount "56"]
[EventDate "2012.09.15"]
[EventType "team-tourn"]
[EventRounds "9"]
[EventCountry "GER"]
[SourceTitle "EXT 2015"]
[Source "ChessBase"]
[SourceDate "2014.11.20"]
[SourceVersion "1"]
[SourceVersionDate "2014.11.20"]
[SourceQuality "1"]
[WhiteTeam "Ibbenbueren"]
[BlackTeam "Nienberge II"]
[WhiteTeamCountry "GER"]
[BlackTeamCountry "GER"]

1. b3 d5 2. e3 Nf6 3. Bb2 e6 4. Nf3 c5 5. Bb5+ Bd7 6. Bxd7+ Nbxd7 7. d3 Be7 8. Nbd2 0-0 9. Qe2 Qc7 10. 0-0 b5 11. a4 a6 12. Ne1 Rfb8 13. f4 c4 14. Bd4 cxd3 15. cxd3 Bc5 16. Nef3 Bxd4 17. Nxd4 Qb6 18. a5 Qd6 19. N2f3 Rc8 20. Qd2 Rc7 21. Rfc1 Rac8 22. h3 h5 23. Ne2 Kf8 24. Rxc7 Rxc7 25. Rc1 Ng8 26. Rxc7 Qxc7 27. Qc3 Qxc3 28. Nxc3 Ne7 1/2-1/2

[Event "Muensterland Verbandsklasse-B 1112"]
[Site "Germany"]
[Date "2012.01.14"]
[Round "5.7"]
[White "Hund, Reinhard"]
[Black "Schulte Austum, Frank"]
[Result "1-0"]
[WhiteElo "1727"]
[BlackElo "1701"]
[PlyCount "69"]
[EventDate "2011.09.17"]
[EventType "team-tourn"]
[EventRounds "9"]
[EventCountry "GER"]
[SourceTitle "EXT 2013"]
[Source "ChessBase"]
[SourceDate "2012.11.22"]
[SourceVersion "1"]
[SourceVersionDate "2012.11.22"]
[SourceQuality "1"]
[WhiteTeam "Muenster IV"]
[BlackTeam "Nienberge II"]
[WhiteTeamCountry "GER"]
[BlackTeamCountry "GER"]

1. d4 d5 2. c4 e6 3. Nc3 f5 4. e3 Nf6 5. Bd2 c6 6. f4 Be7 7. Nf3 0-0 8. c5 b6 9. b4 a5 10. a3 Ba6 11. Bxa6 Nxa6 12. Na4 bxc5 13. bxc5 Nd7 14. 0-0 Qc7 15. Qc2 Rfb8 16. Rfb1 Bd8 17. Ra2 Rxb1+ 18. Qxb1 Rb8 19. Rb2 h6 20. Rxb8 Qxb8 21. Qxb8 Naxb8 22. Bc3 Nf6 23. Kf1 Kf8 24. Nb6 Ke8 25. Bxa5 Nbd7 26. Nxd7 Nxd7 27. Bxd8 Kxd8 28. Ke2 Kc7 29. Kd3 Nf6 30. Ne5 Ne4 31. Kc2 Nf2 32. h3 Kb7 33. Nf7 Kc7 34. a4 Ne4 35. a5 1-0

[Event "Muenster Bezirksliga 0607"]
[Site "Germany"]
[Date "2006.09.16"]
[Round "1.20"]
[White "Schulte Austum, Frank"]
[Black "Koepplinger, Guenter"]
[Result "1-0"]
[WhiteElo "1790"]
[BlackElo "1724"]
[PlyCount "85"]
[EventDate "2006.09.16"]
[EventType "team"]
[EventRounds "9"]
[EventCountry "GER"]
[SourceTitle "EXT 2008"]
[Source "ChessBase"]
[SourceDate "2007.11.25"]
[SourceVersion "1"]
[SourceVersionDate "2007.11.25"]
[SourceQuality "1"]
[WhiteTeam "Muenster SF"]
[BlackTeam "Hiltrup"]
[WhiteTeamCountry "GER"]
[BlackTeamCountry "GER"]

1. d4 Nf6 2. Nf3 b6 3. Bg5 Ne4 4. Bh4 Bb7 5. Nbd2 g6 6. e3 Bg7 7. Bd3 Nxd2 8. Qxd2 d5 9. c4 dxc4 10. Bxc4 0-0 11. Rc1 Nd7 12. b4 Nf6 13. Qe2 c6 14. 0-0 a5 15. b5 cxb5 16. Bxb5 Ne4 17. Bc6 Ba6 18. Qc2 Nd6 19. Bxa8 Qxa8 20. Bxe7 Rc8 21. Qb1 Nc4 22. Rfd1 Re8 23. Bg5 Qd5 24. Qb3 b5 25. a4 Rb8 26. Ne5 Rb7 27. Nxc4 bxc4 28. Qa2 Rb3 29. Bf4 Bf8 30. Rb1 Bb7 31. f3 g5 32. Bg3 g4 33. Rxb3 cxb3 34. Qe2 Ba3 35. Rb1 Bc6 36. Qa6 gxf3 37. Qc8+ Bf8 38. Qg4+ Bg7 39. Be5 f2+ 40. Kxf2 f6 41. Bxf6 Qf7 42. Qxg7+ Qxg7 43. Bxg7 1-0